000 00362nam a2200169Ia 4500
003 IT-RoPAU
008 120407s9999 xx 000 0 und d
040 _aIT-RoPAU
040 _cIT-RoPAU
100 _aTony Murdock
245 2 _aA scuola di ginnastica
260 _aEdizioni Paoline
300 _c cm
490 _v1
700 _aNik Stuart
942 _cBK
999 _c3230
_d3230